00985nam a2200289 i 4500001000300000003000400003005001700007008003900024015001800063020001500081040001400096041001300110080001200123080001200135100003000147245010600177246005700283260005300340300002600393500005900419504002400478655001300502650001500515700003300530710003400563856009800597bgBPK20191213074547.0080828s1998 pl f |000 0 pol aPB 26996/2008 a8371503458 aWA NcBPK1 apolheng a005.574 a(083.1)1 aChristopher, Elizabeth M.10aUmiejętność negocjowania w biznesie /cElizabeth M. Christopher ; przeł. Elżbieta Turlejska.1 iTyt. oryg.:aNegotiating skills for business,f1996. aPoznań :bZysk i S-ka Wydawnictwo,ccop. 1998. a126, [2] s. ;c19 cm. aU dołu okł.: sprawdź, jakim jesteś negocjatorem. aBibliogr. s. [128]. 4aPoradnik 4aNegocjacje1 aTurlejska, Elżbieta.eTł.2 aZysk i S-ka Wydawnictwo4pbl. uhttp://koha.tu.koszalin.pl/cgi-bin/koha/opac-detail.pl?biblionumber=41904yKatalog online BPK